00932cam a2200265 a 450000100090000000300040000900500170001300800410003001000170007102000180008802000150010604000180012105000270013908200230016610000220018924500500021125000120026126000450027330000270031865000340034565000360037985600930041585600850050885600730059312082985OSt20221115102748.0000627s2000 cau 001 0 eng  a 00269273  a9780070411838 a0072121246 aDLCcDLCdDLC00aQA76.73.C15bS353 200000a005.133221bSCH/C1 aSchildt, Herbert.10aC, the complete reference /cHerbert Schildt. a4th ed. aBerkeley :bOsborne/McGraw-Hill,cc2000. axxvi, 805 p. ;c24 cm. 0aC (Computer program language) 0aC++ (Computer program language)423Contributor biographical informationuhttp://www.loc.gov/catdir/bios/mh042/00269273.html423Publisher descriptionuhttp://www.loc.gov/catdir/description/mh021/00269273.html413Table of contentsuhttp://www.loc.gov/catdir/toc/mh021/00269273.html